Consultation on modernising planning appeals (Record no. 108588)
[ view plain ]
| 000 -LEADER | |
|---|---|
| fixed length control field | 00744cad a22002055a 4500 |
| 001 - CONTROL NUMBER | |
| control field | E144674 |
| 008 - FIXED-LENGTH DATA ELEMENTS--GENERAL INFORMATION | |
| fixed length control field | 080805e20080509stk f 000 0 eng | |
| 035 ## - SYSTEM CONTROL NUMBER | |
| System control number | (Sirsi) u144674 |
| 041 0# - LANGUAGE CODE | |
| Language code of text/sound track or separate title | eng |
| 110 2# - MAIN ENTRY--CORPORATE NAME | |
| Corporate name or jurisdiction name as entry element | Royal Institution of Chartered Surveyors |
| Subordinate unit | Scotland |
| 9 (RLIN) | 3082 |
| 245 00 - TITLE STATEMENT | |
| Title | Consultation on modernising planning appeals |
| Medium | [electronic resource] |
| 260 ## - PUBLICATION, DISTRIBUTION, ETC. | |
| Place of publication, distribution, etc. | Edinburgh |
| Name of publisher, distributor, etc. | RICS Scotland |
| Date of publication, distribution, etc. | 2008 |
| 300 ## - PHYSICAL DESCRIPTION | |
| Extent | 7p. |
| Dimensions | 30cm. |
| 490 ## - SERIES STATEMENT | |
| Series statement | PPU/REPORT |
| Volume/sequential designation | (08)8 |
| 520 ## - SUMMARY, ETC. | |
| Summary, etc. | 9 May 2008. Response to the Scottish Government. |
| 651 #4 - SUBJECT ADDED ENTRY--GEOGRAPHIC NAME | |
| Geographic name | Scotland |
| Chronological subdivision | 1999- |
| 690 ## - LOCAL SUBJECT ADDED ENTRY--TOPICAL TERM (OCLC, RLIN) | |
| Topical term or geographic name as entry element | Planning and development |
| 9 (RLIN) | 6259 |
| 856 41 - ELECTRONIC LOCATION AND ACCESS | |
| Public note | View the response free of charge at www.rics.org... |
| 942 ## - ADDED ENTRY ELEMENTS (KOHA) | |
| Suppress in OPAC | 0 |
| Withdrawn status | Lost status | Source of classification or shelving scheme | Damaged status | Not for loan | Home library | Current library | Shelving location | Date acquired | Total Checkouts | Full call number | Barcode | Date last seen | Copy number | Price effective from | Koha item type |
|---|---|---|---|---|---|---|---|---|---|---|---|---|---|---|---|
| Dewey Decimal Classification | Virtual | Virtual | Online | 05/08/2008 | ONLINE PUBLICATION | 144674-2001 | 06/08/2019 | 1 | 06/08/2019 | Book |